000
00222nam a22000857a 4500
008
170203b xxu||||| |||| 00| 0 eng d
100
_9
2773
_a
Gupta.S.K.etal.
245
_a
General Klnowledge-7
260
_a
New Delhi
_b
S.Chand
_c
2010
999
_c
5965
_d
5965